00569nam a22001937a 450000500170000000800410001704000070005824500240006525000320008949000240012152001040014565000240024965000260027365000120029965000090031194200120032099900150033295200280034720250513132319.0250513b |||||||| |||| 00| 0 eng d cDO aMeerkats stand tall aSeptember 2002 Vol 202 No 3 aNational Geographic aWater Pressure, Down the Drain?, Meerkats, Crucible of the Gods, State of the planet, ZipUSA: 10013 xGLOBAL FRESH WATER  xSHRINKING GREAT LAKES xMERKATS xGODS 2ddccCR c5505d5505 aDObDOpDSMSR092002-074